000 00930nam a22002537a 4500
999 _c63925
_d63925
005 20240530110706.0
008 171225s2015 ua a g b 000 0dara d
017 _a2014/19422
_bمصر. دار الكتب
020 _a9789774951954
040 _aEG-CaGPL
_cEG-CaGPL
082 0 4 _221
_a907.2\
_bج م
100 0 _aجلال احمد ابوبكر
245 1 0 _aمناهج البحث فى التاريخ القديم /
_cجلال احمد ابوبكر .
250 _aط.1
260 _aالقاهرة :
_bدار العالم العربى ،
_c2015 .
300 _a175 ص. ؛
_c24 سم.
504 _aببليوجرافية : ص 149 - 151
650 0 7 _2qrmak
_aالاثار المصرية
650 0 7 _2qrmak
_aالبردى
650 0 7 _2qrmak
_aحضارة العراق القديمة
651 _2qrmak
_aالعالم القديم
_xتاريخ
942 _2ddc
_cBK